000 00378nam a2200133 4500
005 20260530115305.0
100 1 _aGui Bonsiepe
245 1 0 _aPrenvecao de Acidentes e Componentes para Habitaciones
264 1 _bEstudios de Projectos CNPq • Brasil
_c1984
300 _a56 páginas
336 _atexto
_2rdacontent
337 _asin medio
_2rdamedia
338 _avolumen
_2rdacarrier
999 _c13039
_d13039